What if boomers can't retire? : How build real security,not phantom wealth

Bibliographic Details
Main Author: Parker, Thornton
Format: Book
Published: San Francisco : Berrett-Koehler Publishers , 2000
Subjects:

MARC

LEADER 00000cam a2200000 7i4500
001 0000010592
005 20050622.0
020 |a 1576751120 
040 |a INS 
090 0 0 |a HG179.   |b P232 2000 
100 1 |a Parker, Thornton 
245 1 0 |a What if boomers can't retire? :   |b How build real security,not phantom wealth   |c Thornton Parker 
260 |a San Francisco :   |b Berrett-Koehler Publishers ,   |c 2000 
300 |a xixp :   |b 259 ;   |c 24cm. 
650 0 0 |a Baby boom generation finance,personel 
650 0 0 |a Retirement income,speculation 
999 |a 0000009989   |b BOOK   |c Open Shelf   |e Default branch